| 000 | 00000nam 2200000za 4500 |
| 001 | 9.699908 |
| 003 | CaOODSP |
| 005 | 20210625000608 |
| 007 | cr ||||||||||| |
| 008 | 150407s1945 onc|||||o f|0| 0 eng d |
| 040 | |aCaOODSP|beng |
| 043 | |an-cn--- |
| 086 | 1 |aCP32-102/1945E-PDF |
| 086 | 1 |aZ1-1944/4E-PDF |
| 245 | 00|aReport of the Royal Commission on Co-operatives |h[electronic resource] / |c[Erroll M.W. McDougall, Commissioner]. |
| 260 | |aOttawa : |b[Privy Council Office], |c1945. |
| 300 | |a65, 176 p.|bgraphs. |
| 500 | |aHistorical publication digitized in 2010 by the Privy Council Office of Canada. |
| 590 | |a15-04-Supp|b2015-03-19 |
| 690 | 07|aCommissions of inquiry|2gcpds |
| 690 | 07|aCooperatives|2gcpds |
| 710 | 1 |aCanada. |bPrivy Council Office. |
| 775 | 08|tRapport de la Commission d'enquête sur les coopératives |w(CaOODSP)9.643892 |
| 856 | 40|ahttp://publications.gc.ca|qPDF|s11.46 MB|uhttps://publications.gc.ca/collections/collection_2014/bcp-pco/CP32-102-1945-2-eng.pdf |
| 856 | 40|ahttp://publications.gc.ca|qPDF|s4.50 MB|uhttps://publications.gc.ca/collections/collection_2014/bcp-pco/CP32-102-1945-1-eng.pdf |